000 01264nam0a2200301 4500
001 RU\NLR\bibl\1200160
005 20250615101642.0
010 _a978-5-8107-0247-4
_92000
021 _aRU
_b2008-3912
_9206
035 _a(NLR Aleph) 001186666
090 _a1691306
_c1691306
100 _a20080313d2008 |||y0rusy50 ca
101 0 _arus
102 _aRU
105 _ay |||||||||
200 1 _aКадровое дело для бухгалтера
_e[трудовой договор и кадровые документы, примеры заполнения трудовых книжек, положения Трудового кодекса РФ (ред. 18.10.2007)]
_fА.И. Шубцов
205 _a2-е изд., перераб.
210 _aМосква
_cНалог-Инфо
_cСтатус-Кво 97
_d2008
215 _a135 с.
_d20
606 1 _aКадровые службы
_jПрактические пособия
_xДелопроизводство
_92090584
_3RU\NLR\auth\661265382
686 _aУ24(2)0-21я7
700 1 _aШубцов
_bА. И.
_gАлександр Иванович
_4070
801 0 _aRU
_bNLR
_c20061208
_grcr
801 1 _aRU
_bNLR
_c20061208
830 _aАвт. по кн.
942 _cBOOK
980 _aNB